[Event "78th LOTTO POL-ch 2021"]
[Site "Bydgoszcz"]
[Date "2021.04.29"]
[Round "1.6"]
[White "Bartel, Mateusz"]
[Black "Teclaf, Pawel"]
[Result "1/2-1/2"]
[WhiteElo "2635"]
[BlackElo "2502"]
[Annotator "TA"]
[PlyCount "61"]
[EventDate "2021.04.29"]
[EventType "k.o."]
[EventCountry "POL"]
[SourceTitle "playchess.com"]
[Source "ChessBase"]
[SourceQuality "1"]

{[%evp 9,61,7,59,-20,0,0,0,2,8,13,11,-17,24,-57,-53,-50,-31,-34,-27,-35,-7,-17,0,0,33,58,50,50,33,10,14,0,0,0,0,0,0,0,0,0,0,0,0,0,0,0,0,0,0,0,0,0,0,0]} 1. d4 d5 2. c4 dxc4 3. e4 b5 4. a4 c6 5. Nc3 a6 (5... b4 $1 $11 6. Nce2 e6) 6. Nf3 {D20: Queen's Gambit Accepted: 3 e3 and 3 e4.} (6. axb5 $14 cxb5 {[#]} 7. Nxb5 $1 {[%mdl 576] Pin}) 6... e6 7. axb5 cxb5 8. Nxb5 axb5 9. Rxa8 {[#]} Bb7 $146 ({Predecessor:} 9... Na6 10. b3 Bb4+ 11. Bd2 c3 12. Bxb5+ Kf8 13. Bxa6 cxd2+ 14. Nxd2 Qxd4 15. Rxc8+ Ke7 {1-0 (22) Ballarin,S (905)-Lebduska,D (668) LSS email 2013}) 10. Ra7 Qb6 11. Rxb7 Qxb7 $15 12. Be2 Bb4+ 13. Bd2 Bxd2+ 14. Qxd2 Qxe4 15. O-O Nf6 16. Ne5 {[#] aiming for Bf3.} O-O 17. Bf3 {[%mdl 1024] White has compensation.} Qh4 18. g3 Qh3 19. Qb4 Qf5 {The position is equal.} 20. Bg2 (20. Re1 {is interesting.} Nbd7 21. Kg2 Nxe5 22. dxe5 Nd5 23. Qxb5 Qd3 24. Qa4) 20... Nbd7 21. Nc6 {Strongly threatening Ne7+.} Qc2 22. Qxb5 g6 23. d5 exd5 24. Bxd5 c3 25. bxc3 Qxc3 26. Bg2 Re8 27. Qb4 Qxb4 28. Nxb4 Kg7 29. Nd5 Nxd5 30. Bxd5 Nf6 31. Bf3 {Weighted Error Value: White=0.17/Black=0.11} 1/2-1/2

[Event "78th LOTTO POL-ch 2021"]
[Site "Bydgoszcz"]
[Date "2021.04.30"]
[Round "1.6"]
[White "Sadzikowski, Daniel"]
[Black "Socko, Bartosz"]
[Result "0-1"]
[WhiteElo "2527"]
[BlackElo "2618"]
[Annotator "TA"]
[PlyCount "144"]
[EventDate "2021.04.29"]
[EventType "k.o."]
[EventCountry "POL"]
[SourceTitle "playchess.com"]
[Source "ChessBase"]
[SourceQuality "1"]

{[%evp 17,144,28,39,36,49,36,39,25,47,37,52,54,43,0,0,0,10,2,9,0,0,-28,0,0,0,-58,0,0,45,25,6,0,0,0,0,0,1,9,99,106,115,93,123,0,0,-35,-35,-202,35,46,87,40,7,123,167,123,150,108,229,58,152,40,171,0,0,0,0,-20,-16,-905,-598,-886,-886,-903,-875,-807,-795,-770,-733,-1082,-1082,-1082,-1082,-1057,-1041,-1065,-1030,-914,-1042,-1010,-823,-698,-637,-679,-634,-29966,-29960,-29964,-29963,-29968,-29970,-29971,-29967,-29973,-29974,-29978,-29979,-29979,-29980,-29980,-29979,-29983,-29980,-29980,-29981,-29987,-29988,-29988,-29989,-29996,-29982,-29990,-29991,-29991,-29992,-29992,-29993,-29997,-4618]} 1. e4 c5 2. Nf3 d6 3. d4 cxd4 4. Nxd4 Nf6 5. Nc3 Nc6 6. Bg5 e6 7. Qd2 Be7 8. O-O-O Nxd4 {8...a6 is the modern continuation.} 9. Qxd4 O-O 10. h4 {B63: Sicilian: Richter-Rauzer: 7...Be7 and unusual Black 7th moves.} Bd7 11. f3 Bc6 12. Kb1 {White is slightly better.} Qc7 13. g4 Rfd8 {[#]} 14. Bd3 $146 ({Predecessor:} 14. h5 h6 15. Bc1 d5 16. e5 Nd7 17. f4 Bc5 18. Qd3 Bb4 19. Rg1 Qb6 20. Be3 {1-0 (58) Reinaldo Castineira,R (2402)-Balogh,C (2448) ICC INT 2003}) 14... a6 15. h5 h6 16. Bh4 Nh7 $1 17. Bxe7 Qxe7 18. Qe3 b5 {[%cal Bb7b5,Bb5b4][%mdl 32]} 19. f4 b4 20. Ne2 e5 $1 21. Rhf1 (21. Ng3 $11) 21... a5 ({Black should try} 21... Bd7 $1 $15) 22. Bc4 Rf8 23. Ng3 $36 {[%mdl 2048] With the idea Nf5. White is pushing.} Bd7 24. fxe5 dxe5 25. Nf5 Bxf5 26. Rxf5 Ng5 27. Rd5 Rad8 (27... Qc7 $11 28. b3 a4) 28. Rfxe5 $16 Qc7 29. Bd3 a4 30. Rf5 (30. Qc5 $16 Qb8 31. Rxd8 Rxd8 32. Qb5) 30... a3 31. Qc5 Qg3 {[%cal Rg3e1]} 32. Qxb4 (32. Rf1 $1 $15) 32... Qxg4 $2 (32... Rxd5 $1 $19 33. exd5 Rb8) 33. bxa3 $14 Qxh5 34. a4 {[%cal Ba3a4,Ba4a5,Ba5a6][%mdl 32]} Qd1+ (34... Rc8 $14) 35. Kb2 $16 Ne6 36. a5 Qg1 37. a6 g6 {[#]} (37... Rc8 $16 {keeps fighting.}) 38. Rfe5 $2 (38. Rxd8 $1 $18 Rxd8 39. Rb5) 38... Ra8 (38... Qa7 $14) 39. a4 (39. Rd6 $16) 39... h5 {[#]} (39... Qh2 $1 $14) 40. Ra5 $2 (40. Rd6 $1 $18) 40... h4 $11 {Strongly threatening ...h3.} 41. Bc4 Qd4+ 42. Qc3 h3 43. Bxe6 {[%mdl 8192] White is now going downhill.} (43. Red5 $11 Rfb8+ 44. Bb3 Qxc3+ 45. Kxc3) 43... Qxc3+ $19 44. Kxc3 h2 45. Rh5 gxh5 {[%mdl 4096] Endgame KRR-KRB} 46. Rg5+ Kh7 47. Rxh5+ Kg6 48. Bxf7+ Rxf7 49. Rxh2 Rxa6 50. Rg2+ Kh6 51. Kb4 Rb7+ 52. Kc5 Rxa4 53. e5 Re4 54. Kd5 Re1 55. e6 Rb5+ 56. Kc6 Rbe5 {Black mates.} 57. c4 Rxe6+ 58. Kb5 Rc1 59. Rd2 Kg7 60. Rd7+ Kf6 61. c5 Re5 62. Rc7 Ke6 63. Kb6 Rc2 64. Rc8 Kd7 65. Rc7+ Kd8 66. Rc6 Rb2+ 67. Ka7 Re1 68. Rb6 Ra1+ 69. Kb8 Rab1 70. Kb7 Rxb6+ 71. cxb6 Kd7 72. Ka8 Rxb6 {Weighted Error Value: White=0.52/Black=0.26} 0-1

[Event "78th LOTTO POL-ch 2021"]
[Site "Bydgoszcz"]
[Date "2021.04.29"]
[Round "1.7"]
[White "Markowski, Tomasz"]
[Black "Piorun, Kacper"]
[Result "0-1"]
[WhiteElo "2546"]
[BlackElo "2615"]
[Annotator "TA"]
[PlyCount "66"]
[EventDate "2021.04.29"]
[EventType "k.o."]
[EventCountry "POL"]
[SourceTitle "playchess.com"]
[Source "ChessBase"]
[SourceQuality "1"]

{[%evp 9,66,18,21,15,22,14,8,18,17,-23,-23,-19,-16,-25,-13,-70,-61,-77,-68,-69,-74,-64,-69,-70,-70,-43,-66,-142,-139,-134,-140,-133,-122,-143,-144,-226,-206,-197,-165,-367,-380,-425,-431,-552,-539,-657,-633,-809,-769,-827,-831,-1597,-1464,-1810,-1833,-29981,-29981,-29981,-29982]} 1. c4 e5 2. g3 Nf6 3. Bg2 c6 4. Nf3 e4 5. Nd4 Qb6 6. Nb3 {A20: English Opening: 1...e5.} a5 {[#] Strongly threatening ...a4.} 7. d3 a4 8. N3d2 {The position is equal.} Bc5 9. e3 exd3 10. O-O O-O 11. Nc3 Qa6 {[#]} 12. Nce4 $146 ({White should try} 12. Nde4 $11 Be7 13. Nxf6+ (13. Qxd3 d5 $17) 13... Bxf6 14. Be4) ({Predecessor:} 12. b3 a3 13. Nf3 d5 14. cxd5 cxd5 15. Ne5 Bf5 16. g4 Nbd7 17. Nxd7 Bxd7 18. g5 {0-1 (31) Gorodetzky,D (2489)-Ter Sahakyan,S (2640) chess.com INT 2020}) 12... Be7 $1 $15 13. Rb1 d5 14. Nxf6+ Bxf6 15. cxd5 cxd5 16. Bxd5 Be6 17. Bxe6 Qxe6 18. b3 {[#] White is on the road to losing.} (18. a3 $1 $15) 18... a3 $1 $17 19. Nf3 Rd8 $36 {[%mdl 2048] Keeping White busy.} 20. Bd2 Nc6 21. Rc1 Rd5 22. Bc3 (22. Ne1 $17) 22... Bxc3 $19 23. Rxc3 d2 24. Rc4 $2 (24. b4) 24... Qf6 25. Kg2 {and the idea Qc2 leaves White hopeful.} Rad8 26. h4 h6 27. g4 b5 28. Rf4 Qb2 29. g5 Rc5 30. Nd4 Nxd4 31. exd4 Rxd4 32. Qf3 Rxf4 33. Qxf4 Rc1 {Weighted Error Value: White=0.92/Black=0.02} 0-1

[Event "78th LOTTO POL-ch 2021"]
[Site "Bydgoszcz"]
[Date "2021.04.29"]
[Round "1.8"]
[White "Kempinski, Robert"]
[Black "Krasenkow, Michal"]
[Result "1-0"]
[WhiteElo "2561"]
[BlackElo "2597"]
[Annotator "TA"]
[PlyCount "63"]
[EventDate "2021.04.29"]
[EventType "k.o."]
[EventCountry "POL"]
[SourceTitle "playchess.com"]
[Source "ChessBase"]
[SourceQuality "1"]

{[%evp 9,63,16,18,2,-3,9,6,-7,12,5,13,8,17,16,17,17,23,24,32,26,28,25,25,22,50,37,50,60,100,98,97,89,93,103,100,100,224,212,241,235,252,216,269,262,997,996,990,975,900,896,1012,854,951,677,902,871]} 1. d4 d6 2. Nf3 g6 3. c4 Bg7 4. Nc3 e5 5. Bg5 f6 6. Bd2 {A41: 1 d4 d6: Tartakower System and Modern Defence.} exd4 7. Nxd4 f5 {[#]} 8. e3 $146 {The position is equal.} ({Predecessor:} 8. Bf4 Nc6 9. e3 Nf6 10. Be2 O-O 11. O-O Nxd4 12. exd4 Be6 13. Qc2 Qd7 14. d5 {½-½ (46) Eman,J (2230)-Velker,W (2190) ICCF email 2015}) 8... Nf6 9. g3 Na6 {[%cal Bb8a6,Ba6c5,Bc5e4][%mdl 32]} 10. Bg2 Nc5 11. Qc2 O-O 12. O-O Re8 13. Rfd1 c6 14. Be1 a5 15. Nb3 {[#] aiming for Nxc5.} Nce4 16. Na4 b5 17. cxb5 cxb5 18. Nc3 Qb6 19. Nd4 b4 20. Nxe4 Nxe4 21. a3 bxa3 22. bxa3 Be6 {This costs Black the game.} (22... Bxd4 $16 {was called for.} 23. Rxd4 Be6) 23. Nxe6 $18 Rxe6 24. Rab1 Qd8 25. Qc4 Qd7 26. Qd5 Ra7 {[#]} (26... Rae8 27. Bf1 (27. Qxa5 Qd8 $18) 27... Qa7) 27. Rb8+ {White is clearly winning.} Bf8 28. Bxe4 fxe4 29. Rc1 Kf7 30. Bxa5 Be7 31. Rc4 Kg7 32. Bb6 {Weighted Error Value: White=0.16/Black=0.23} 1-0

[Event "78th LOTTO POL-ch 2021"]
[Site "Bydgoszcz"]
[Date "2021.05.01"]
[Round "2.1"]
[White "Moranda, Wojciech"]
[Black "Heberla, Bartlomiej"]
[Result "1/2-1/2"]
[WhiteElo "2618"]
[BlackElo "2556"]
[Annotator "TA"]
[PlyCount "75"]
[EventDate "2021.04.29"]
[EventType "k.o."]
[EventCountry "POL"]
[SourceTitle "playchess.com"]
[Source "ChessBase"]
[SourceQuality "1"]

{[%evp 32,75,17,17,17,15,10,0,0,0,24,31,24,10,16,19,12,19,12,0,0,0,0,0,10,10,26,26,26,26,28,0,0,0,0,0,0,0,0,0,0,0,0,0,0,0]} 1. e4 e5 2. Nf3 Nc6 3. Bb5 a6 4. Ba4 Nf6 5. O-O Nxe4 6. d4 b5 7. Bb3 d5 8. dxe5 Be6 9. Qe2 Be7 10. Rd1 O-O 11. c4 bxc4 12. Bxc4 Bc5 13. Be3 Bxe3 14. Qxe3 Qb8 15. Bb3 Na5 16. Nbd2 Qa7 17. Qxa7 Rxa7 {C81: Open Ruy Lopez: Keres Variation (9 Qe2).} 18. Rac1 c5 19. Ba4 Nxd2 20. Nxd2 {[#]} Nc4 $146 ({Predecessor:} 20... Rc8 21. b3 Rac7 22. f4 h6 23. Kf2 Nb7 24. Nf3 Nd8 25. h3 f5 26. exf6 gxf6 {1-0 (59) Quesada Perez,Y (2645)-Gonzalez Vidal,Y (2550) Montevideo 2015}) 21. Nxc4 dxc4 22. b3 cxb3 23. Bxb3 Bxb3 24. axb3 $11 {[%mdl 4096] Endgame KRR-KRR} Rb7 25. Rc3 g6 26. g3 Rfb8 27. Rdd3 Rb5 28. f4 Ra5 29. Kg2 Ra2+ 30. Kh3 Rb2 31. Kg4 Rxh2 {The position is equal.} 32. Rxc5 Rb7 33. Rc6 (33. Ra5 {keeps more tension.} Rb2 34. Rxa6 R2xb3 35. Rd8+ Kg7 36. Raa8) 33... Rb2 34. Rxa6 R2xb3 35. Rxb3 Rxb3 36. Ra8+ Kg7 37. Ra7 Re3 38. Rb7 {A rather calm draw.  Weighted Error Value: White=0.04/Black=0.03} 1/2-1/2

[Event "78th LOTTO POL-ch 2021"]
[Site "Bydgoszcz"]
[Date "2021.05.01"]
[Round "2.1"]
[White "Socko, Bartosz"]
[Black "Piorun, Kacper"]
[Result "1/2-1/2"]
[WhiteElo "2618"]
[BlackElo "2615"]
[Annotator "TA"]
[PlyCount "62"]
[EventDate "2021.04.29"]
[EventType "k.o."]
[EventCountry "POL"]
[SourceTitle "playchess.com"]
[Source "ChessBase"]
[SourceQuality "1"]

{[%evp 17,62,14,12,0,10,0,10,0,31,33,37,0,25,0,0,0,31,27,33,-2,8,0,6,0,20,-50,-14,-14,-21,-10,0,0,0,0,0,0,0,0,0,-26,0,0,0,-23,0,0,0]} 1. e4 c5 2. Nf3 Nc6 3. d4 cxd4 4. Nxd4 Nf6 5. Nc3 e5 6. Ndb5 d6 7. Nd5 Nxd5 8. exd5 Ne7 9. c4 Ng6 {[%cal Be7g6,Bg6f8,Bf8d7,Bd7e5,Be5f7][%mdl 32]} 10. g3 {B33: Sicilian: Pelikan and Sveshnikov Variations.} a6 11. Nc3 Be7 12. h4 f5 13. h5 Nf8 {[#]} 14. Be3 $146 ({Predecessor:} 14. Bg2 Nd7 15. O-O O-O 16. b4 Qc7 17. Qb3 Nf6 18. h6 b6 19. a4 Rb8 20. Bd2 {0-1 (34) Mihevc Mohr,N (2142)-Boehmer,E (2128) Graz 2010}) 14... Nd7 15. Qd2 O-O 16. O-O-O e4 17. Kb1 Ne5 18. Be2 Bd7 19. c5 Rc8 20. h6 {Threatening c6!} g6 21. Bd4 (21. Rc1 $11) 21... Bf6 22. cxd6 Nf7 23. f4 Nxd6 24. Rc1 Kf7 25. Rc2 Bxd4 26. Qxd4 Qf6 27. Qe3 Rg8 28. Rcc1 Rc7 29. Rc2 {[#] Threatens to win with Nxe4.} Rcc8 30. Rcc1 Rc7 31. Rc2 {Strongly threatening Nxe4.} Rcc8 {Weighted Error Value: White=0.12/Black=0.09} 1/2-1/2

[Event "78th LOTTO POL-ch 2021"]
[Site "Bydgoszcz"]
[Date "2021.05.01"]
[Round "2.1"]
[White "Gajewski, Grzegorz"]
[Black "Wojtaszek, Radoslaw"]
[Result "1/2-1/2"]
[WhiteElo "2596"]
[BlackElo "2694"]
[Annotator "TA"]
[PlyCount "60"]
[EventDate "2021.04.29"]
[EventType "k.o."]
[EventCountry "POL"]
[SourceTitle "playchess.com"]
[Source "ChessBase"]
[SourceQuality "1"]

{[%evp 11,60,13,24,0,3,0,0,0,8,0,18,0,20,25,16,0,16,12,30,26,26,6,30,33,33,33,24,-40,0,0,0,0,13,9,19,19,21,5,12,0,0,0,0,0,0,0,0,0,0,0,0]} 1. Nf3 c5 2. g3 Nc6 3. c4 g6 4. Bg2 Bg7 5. Nc3 d6 6. O-O Bf5 {seems to push 6...e5 aside.} 7. h3 {A37: Symmetrical English vs ...g6: 4 Bg2 Bg7 5 Nf3.} e5 8. d3 Nge7 9. a3 {[%cal Ba2a3,Ba3a4,Ba4b5][%mdl 32] [#]} a5 $146 ({Predecessor:} 9... O-O 10. Bd2 Rb8 11. b4 b6 12. Qa4 Bd7 13. Nb5 a6 14. Qxa6 e4 15. dxe4 Ra8 {½-½ (28) Gajewski,G (2648)-Ragger,M (2668) Montpellier 2015}) 10. Ng5 O-O 11. Nb5 Na7 12. a4 Nxb5 13. axb5 Rb8 14. f4 f6 15. Ne4 b6 16. Nc3 Qd7 17. Kh2 Be6 18. e4 $1 f5 19. Nd5 ({White should try} 19. Qe2 $11) 19... Nxd5 20. exd5 {The position is equal.} Bf7 21. Ra2 Be8 22. b3 Qf7 23. fxe5 Bxe5 24. Bh6 Bd7 25. Re2 Rfe8 26. Qd2 Qf6 27. Rff2 Bc3 28. Qf4 Be5 29. Qd2 Bc3 30. Qf4 Be5 {Weighted Error Value: White=0.08/Black=0.07} 1/2-1/2

[Event "78th LOTTO POL-ch 2021"]
[Site "Bydgoszcz"]
[Date "2021.05.01"]
[Round "2.1"]
[White "Teclaf, Pawel"]
[Black "Kempinski, Robert"]
[Result "1-0"]
[WhiteElo "2502"]
[BlackElo "2561"]
[Annotator "TA"]
[PlyCount "67"]
[EventDate "2021.04.29"]
[EventType "k.o."]
[EventCountry "POL"]
[SourceTitle "playchess.com"]
[Source "ChessBase"]
[SourceQuality "1"]

{[%evp 11,67,19,28,24,21,22,24,6,4,0,61,72,78,60,84,84,78,70,76,0,0,-34,-22,0,68,-21,61,68,175,111,155,151,143,156,247,213,224,222,197,199,465,462,560,559,555,566,585,595,597,594,590,583,577,528,659,646,1420,1314]} 1. e4 c5 2. Nf3 d6 3. d4 cxd4 4. Nxd4 Nf6 5. Nc3 a6 6. Nb3 Nc6 7. Be3 {B56: Classical Sicilian: Unusual Lines.} e6 8. Qe2 Qc7 9. O-O-O {White has an edge.} b5 10. g4 {[#]} Ne5 $146 (10... h6 $11) ({Predecessor:} 10... Bb7 11. Bg2 Be7 12. f4 Nd7 13. f5 Nde5 14. g5 Nd8 15. h4 Nc4 16. Bd4 e5 {1-0 (55) Schnider,G (2292)-Breneis,L (2087) Aschach 2004}) 11. g5 $1 $14 {[%cal Rg5f6]} Nfd7 12. f4 Nc4 13. Bd4 Bb7 14. Bh3 O-O-O 15. Qh5 (15. a3 $16) 15... b4 $11 16. Qxf7 bxc3 17. Bxc3 Ndb6 (17... d5 $11) 18. Qxc7+ (18. Qxe6+ $2 Kb8 $19) 18... Kxc7 19. Nd4 Kb8 {White leaves nothing to chance now.} ({Black should try} 19... Bc8 $1 $14) 20. b3 ({Better is} 20. Nxe6 $18 Re8 21. Rhe1) 20... Ne3 {[#]} 21. Rde1 $36 {[%cal Re1e3][%mdl 2048] Keeping Black busy.} Bxe4 {aiming for ...e5.} 22. Rhg1 Ned5 (22... Nbd5 $16) 23. Ba5 Nxf4 {And now ...d5 would win.} 24. Rxe4 Nxh3 {[#]} 25. Rg3 ({Resist} 25. Bxb6 $6 Nxg1 26. Bxd8 e5 $14) 25... Kb7 (25... Rd7 {keeps fighting.} 26. Rxh3 (26. Bxb6 d5 $16) 26... e5) 26. Nxe6 $18 {White is clearly winning.} ({Weaker is} 26. Rxh3 Rd7 $18) 26... Re8 {[#] White should prevent ...d5.} 27. Nc5+ $1 {[%mdl 512]} dxc5 28. Rxe8 Nf4 29. Rf3 Ng6 {Now ...Be7 and Black clings on.} 30. Rf7+ Kc6 31. Bxb6 Kxb6 32. h4 Kc6 33. h5 Be7 34. Rfxe7 {Weighted Error Value: White=0.13/Black=0.40} 1-0

[Event "78th LOTTO POL-ch 2021"]
[Site "Bydgoszcz"]
[Date "2021.05.02"]
[Round "2.2"]
[White "Wojtaszek, Radoslaw"]
[Black "Gajewski, Grzegorz"]
[Result "1/2-1/2"]
[WhiteElo "2694"]
[BlackElo "2596"]
[Annotator "TA"]
[PlyCount "66"]
[EventDate "2021.04.29"]
[EventType "k.o."]
[EventCountry "POL"]
[SourceTitle "playchess.com"]
[Source "ChessBase"]
[SourceQuality "1"]

{[%evp 24,66,-16,-7,-7,0,0,0,11,-12,-19,-14,-19,-21,-25,-33,-12,-21,-6,-35,-9,-26,-6,-46,-46,-52,-43,-43,-51,-51,-51,-43,-47,-71,-15,-14,-22,-22,-21,-22,-14,-14,-21,-29,-23]} 1. d4 d5 2. c4 e6 3. Nf3 Nf6 4. Nc3 c5 5. e3 Nc6 6. a3 dxc4 7. Bxc4 a6 8. Bd3 cxd4 9. exd4 Be7 10. O-O O-O 11. Bc2 b5 12. Qd3 Bb7 13. Re1 g6 {D27: Queen's Gambit Accepted: Classical main line: 7 e4!? and 7 a4.} 14. Bh6 Re8 15. Rad1 Rc8 {The position is equal.} 16. Bb1 b4 17. axb4 Nxb4 18. Qe2 Nbd5 {[#]} 19. Nxd5 $146 ({Predecessor:} 19. Rc1 Qb6 20. Ne5 Qxd4 21. Nxf7 Bb4 22. Be3 Nxe3 23. fxe3 Qh4 24. Ne5 Bd6 25. Nf3 {0-1 (41) Alekseev,V (2461)-Novopashin,A (2385) Alushta 1999}) 19... Nxd5 20. Be4 Bb4 21. Rf1 Bd6 22. h4 f5 23. Bb1 Bf4 24. Bg5 Bxg5 25. hxg5 Nf4 26. Qe3 Bxf3 27. Qxf3 Qxg5 28. Rfe1 h5 (28... Qg4 $17 {Threatens to win with ...Qxf3.} 29. Qxg4 fxg4) 29. g3 $11 Nh3+ 30. Kg2 Qg4 31. Qxg4 hxg4 32. f3 $1 Rb8 33. fxg4 Ng5 {Weighted Error Value: White=0.08/Black=0.10} 1/2-1/2

[Event "78th LOTTO POL-ch 2021"]
[Site "Bydgoszcz"]
[Date "2021.05.02"]
[Round "2.2"]
[White "Kempinski, Robert"]
[Black "Teclaf, Pawel"]
[Result "1-0"]
[WhiteElo "2561"]
[BlackElo "2502"]
[Annotator "TA"]
[PlyCount "63"]
[EventDate "2021.04.29"]
[EventType "k.o."]
[EventCountry "POL"]
[SourceTitle "playchess.com"]
[Source "ChessBase"]
[SourceQuality "1"]

{[%evp 17,63,0,0,0,5,0,0,0,0,0,0,0,0,0,0,0,0,0,0,0,0,0,0,0,0,0,0,0,0,0,47,50,129,129,140,160,157,150,208,201,593,590,29985,29986,29986,29987,29987,29988]} 1. d4 {Mueller,Karsten} Nf6 2. Nf3 g6 3. c4 Bg7 4. Nc3 d5 5. Qb3 dxc4 6. Qxc4 O-O 7. e4 a6 8. e5 b5 9. Qb3 Nfd7 $1 10. e6 {D97: Grünfeld: Russian System: 7 e4, replies other than 7...Bg4.} fxe6 11. Ng5 {[#]} Bxd4 $146 ({Predecessor:} 11... Nb6 12. Nxe6 Bxe6 13. Qxe6+ Kh8 14. Be3 Qd6 15. Qxd6 exd6 16. h4 Nc6 17. O-O-O b4 {1-0 (46) Yu,Y (2738)-Ding,L (2836) chess24.com INT 2020 CBM 196 Extra [Mueller,Karsten]}) 12. Nxe6 {The position is equal.} Bxf2+ 13. Ke2 Nc5 14. Nxc5+ (14. Nxd8+ $2 {perishes.} Nxb3 15. axb3 Bg4+ 16. Kd2 Rxd8+ 17. Bd3 Nc6 $19) 14... e6 {Strongly threatening ...Nc6.} 15. N3e4 $1 {[%cal Re4f2]} ({Don't go for} 15. Nxe6 $2 Qe8 $19) 15... Bxc5 16. Nxc5 Nc6 $1 {[%cal Rc6d4] White must now prevent ...Nd4+.} 17. Be3 Nd4+ 18. Bxd4 Qxd4 19. Qc3 $1 {[%cal Rc3d4]} Qf2+ 20. Kd1 e5 $1 {And now ...Bf5 would win.} 21. Bd3 Bg4+ 22. Kc1 Rad8 23. Re1 Qxg2 24. a4 $36 {[%mdl 2048] White fights for an advantage.} Bf5 ({Black should try} 24... Rd4 $14) 25. Bxf5 $16 Rxf5 26. Kb1 Rd4 {[#] aiming for ...Rf3.} 27. axb5 $1 ({Not} 27. Nxa6 Rf3 $11) 27... axb5 {[#]} (27... Rf1 $16) 28. Ne6 $1 $18 {[%mdl 64] Discovered Attack} Rc4 (28... Rd2 {is tougher.}) 29. Qd3 Rf2 {[%csl Gg2][%cal Rf2b2]} 30. Qd8+ {[%mdl 64] Double Attack. White mates.} Kf7 31. Qd7+ {[%mdl 64] Double Attack} Kf6 32. Qg7+ {Weighted Error Value: White=0.00/Black=0.58} 1-0

[Event "78th LOTTO POL-ch 2021"]
[Site "Bydgoszcz"]
[Date "2021.05.02"]
[Round "2.2"]
[White "Heberla, Bartlomiej"]
[Black "Moranda, Wojciech"]
[Result "0-1"]
[WhiteElo "2556"]
[BlackElo "2618"]
[Annotator "TA"]
[PlyCount "100"]
[EventDate "2021.04.29"]
[EventType "k.o."]
[EventCountry "POL"]
[SourceTitle "playchess.com"]
[Source "ChessBase"]
[SourceQuality "1"]

{[%evp 27,100,0,8,1,22,0,0,0,21,0,42,0,0,0,16,0,2,0,0,0,104,110,106,103,102,93,95,97,114,104,166,160,164,156,158,148,207,210,206,204,210,199,199,78,160,0,0,0,0,-464,-533,-541,-540,-533,-533,-714,-729,-688,-659,-570,-753,-29964,-29953,-29975,-29976,-29978,-29978,-29988,-29979,-29974,-29980,-29980,-29980,-29979,-29979]} 1. e4 c5 2. Nf3 d6 3. d4 cxd4 4. Nxd4 Nf6 5. Nc3 a6 6. Be2 e6 7. O-O Be7 8. f4 Qc7 9. Kh1 O-O 10. Qe1 Nc6 11. Be3 Nxd4 12. Bxd4 b5 13. a3 Bb7 14. Qg3 Rad8 15. Rae1 {B85: Sicilian Scheveningen: 6 Be2 a6, lines with early Be3.} Rd7 {15...Bc6 is the modern continuation.} 16. Bd3 Re8 {16...Qd8 is vanishing.} 17. Nd1 {The position is equal.} Bd8 18. Bc3 {[#]} Qc5 $146 ({Predecessor:} 18... g6 19. Nf2 Nh5 20. Qg4 e5 21. Nh3 Rde7 22. f5 Bc8 23. Qh4 Rd7 24. Qf2 Qc5 {0-1 (55) Golecki,J (2117)-Mis,M (2366) Szklarska Poreba 2021}) 19. Nf2 e5 20. Ng4 Nxg4 21. Qxg4 Qc8 22. Re3 Rc7 23. Qh5 g6 (23... Bf6 $1 $11 {keeps the balance.}) 24. Qh6 $16 f6 25. Rg3 $1 Rg7 26. f5 g5 27. h4 $1 $40 {[%mdl 128] White has strong attack.} g4 28. Qh5 {[%cal Rh5e8]} Bb6 (28... Qd7 $16 {is a better defense.}) 29. Bd2 $1 $18 (29. Rxg4 $6 Ree7 $14) 29... Kh8 30. Bh6 ({Of course not} 30. Rxg4 $6 Rxg4 31. Qxg4 d5 $11) 30... Rd7 31. Rxg4 d5 (31... Rg8 $16 {might work better.}) 32. Rf3 $1 {Threatening mate with Bg7+!} Ree7 {Threatening ...dxe4.} 33. Rfg3 $1 Bf2 ({Reject} 33... dxe4 $6 34. Bxe4 Bxe4 35. Rg8+ Qxg8 36. Rxg8+ Kxg8 37. Qg4+ Kh8 38. Qxe4) 34. Rg8+ Qxg8 35. Rxg8+ Kxg8 {[#]} 36. a4 $2 ({Better is} 36. Qe2 $1 $16 {[%cal Re2f2]} Bb6 37. g4) 36... dxe4 $11 37. Bxe4 Rd4 38. Qf3 {[%mdl 8192]} Rxe4 $19 ({And not} 38... Bxe4 39. Qxf2 Rxa4 40. Kg1 $11) 39. Qxf2 Rg4 {[%mdl 64] Discovered Attack} 40. Qd2 {[#] Intending Qd8+ and mate.} Kf7 $1 41. Qe3 Rxg2 {And now ...Rc7 would win.} 42. Qb3+ Ke8 {aiming for ...Rg3+.} 43. Be3 b4 44. a5 h5 {Black mates.} 45. Qa2 Bc6 46. Qb3 Kd8 47. Qa2 Rd7 48. Bb6+ Kc8 49. Qe6 Rxc2+ 50. Kg1 Kb7 {[%cal Rd7d1] Weighted Error Value: White=0.46/Black=0.08} 0-1